| 000 | 02160nam a2200361 a 4500 | ||
|---|---|---|---|
| 001 | ebr10461090 | ||
| 003 | CaPaEBR | ||
| 006 | m u | ||
| 007 | cr cn||||||||| | ||
| 008 | 041223s2005 miua sbk 001 0 eng d | ||
| 010 | _z 2004030698 | ||
| 020 | _z0472115030 (cloth : alk. paper) | ||
| 020 | _z0472031902 (pbk. : alk. paper) | ||
| 020 | _z9780472031900 (pbk. : alk. paper) | ||
| 020 | _z9780472026654 (e-book) | ||
| 040 |
_aCaPaEBR _cCaPaEBR |
||
| 035 | _a(OCoLC)609033856 | ||
| 043 | _an-us-mi | ||
| 050 | 1 | 4 |
_aML3534 _b.C34 2005eb |
| 082 | 0 | 4 |
_a781.66/09774/34 _222 |
| 100 | 1 |
_aCarson, David, _d1949- |
|
| 245 | 1 | 0 |
_aGrit, noise, and revolution _h[electronic resource] : _bthe birth of Detroit rock 'n' roll / _cDavid A. Carson. |
| 260 |
_aAnn Arbor [Mich.] : _bUniversity of Michigan Press, _cc2005. |
||
| 300 |
_ax, 376 p. : _bill. |
||
| 500 | _a"First paperback edition 2006." | ||
| 504 | _aIncludes bibliographical references (p. 331-344), discography (p. 345-347), and index. | ||
| 505 | 0 | _aBoogie and the beat -- Fame and fortune -- Freewheelin' in the motor city -- Motown and other sounds -- The village is on fire -- On to the hideout -- So you wanna be a rock 'n' roll star? -- A whole lotta soul, a whole lotta funk -- Birth of the noise -- A mythical figure -- Summer in the city -- Hippies and head shops -- Hits and misses -- Something in the air -- Seger on the rise -- A night at the Grande -- Enter the stooges -- On the front lines with the MC5 -- Total assault : kickin' out the jams -- Up against the wall and beyond -- The Detroit pop festival -- Voices of the counterculture -- I wanna be your dog -- "Uncle Russ" -- First train out of town -- 1970 -- The big bust. | |
| 533 |
_aElectronic reproduction. _bPalo Alto, Calif. : _cebrary, _d2013. _nAvailable via World Wide Web. _nAccess may be limited to ebrary affiliated libraries. |
||
| 650 | 0 |
_aRock music _zMichigan _zDetroit _xHistory and criticism. |
|
| 655 | 7 |
_aElectronic books. _2local |
|
| 710 | 2 | _aebrary, Inc. | |
| 856 | 4 | 0 |
_uhttp://site.ebrary.com/lib/rucke/Doc?id=10461090 _zAn electronic book accessible through the World Wide Web; click to view |
| 999 |
_c228031 _d228031 |
||